|
|
|
|
| LEADER |
00000nam a22000007a 4500 |
| 005 |
20211103220310.0 |
| 007 |
cr|||| ||| |
| 008 |
211103s2021 cl |||||s|||| 00||0 spa d |
| 035 |
|
|
|a 35399
|
| 040 |
|
|
|a vLex
|
| 090 |
|
|
|c 12637
|d 12637
|
| 245 |
1 |
0 |
|a Derecho Mďico
|h [Recurso electrn̤ico] /
|c Juan Carlos Bello Pizarro, Mara̕ Loreto Baądos Arias, Carlos Carnevali Dickinson, Marcelo Valenzuela Villarroel, Manuel Da̕z Brousse, Marcelo Bossi Trincado, Pablo Martn̕ez Zį︢ga, Gabriel Nieto Muǫz, Isabel Salas Gm̤ez, Sergio Oliva Fuentealba, Pedro Pablo Hansen Cruz, Carmen Gloria Pierart Zambrano, Patricia Nę︢z Vargas
|
| 256 |
|
|
|a Servicio en ln̕ea
|
| 260 |
|
|
|a Santiago de Chile:
|b Fundacin̤ de Asistencia Legal del Colegio Mďico de Chile,
|c 2021
|
| 300 |
|
|
|a 1 recurso electrn̤ico
|
| 500 |
|
|
|a El presente libro es una recopilacin̤ de diversos trabajos sobre derecho mďico cuyos autores son juristas de amplia trayectoria de la Fundacin̤ de Asistencia Legal del Colegio Mďico de Chile. Se trata de una obra colectiva cuya idea se trabaj ̤por muchos aǫs y que hoy ve la luz a props̤ito de los 25 aǫs que cumple la Fundacin̤. Su intencin̤ no es otra que la de iniciar y sentar las bases de una discusin̤ que, a nuestro juicio, an︢ no ha sido cabal y oportunamente dada en Chile respecto de cm̤o se ha trasladado el rol sobre el quehacer mďico desde la propia profesin̤ hacia los tribunales de justicia.Si bien todas estas materias estǹ vinculadas entre s,̕ son particulares en su especificidad. Sin embargo, articuladas en conjunto buscan entregar una visin̤ normativa, basada en el conoci-miento y en la experiencia sobre cm̤o entender el derecho mďico, en su funcin̤ de regular las relaciones de las personas en el m̀bito de la salud y de quienes se dedican a resguardarla, especialmente cuando esta relacin̤ esencial se rompe.
|
| 506 |
1 |
|
|a Disponible solo en los productos indicados
|d vLex Global
|d vLex Global (Academic Edition, excluding Law Schools)
|d vLex Global (U.S. Academic Edition, Law Schools)
|d vLex Global (U.S. Academic Edition, excluding Law Schools)
|d vLex Global (Academic Edition, Law Schools)
|
| 650 |
0 |
4 |
|a Derecho Civil
|z Chile
|
| 650 |
0 |
4 |
|a Medicina
|z Chile
|
| 700 |
1 |
|
|a Baądos Arias, Mara̕ Loreto
|
| 700 |
1 |
|
|a Carnevali Dickinson, Carlos
|
| 700 |
1 |
|
|a Valenzuela Villarroel, Marcelo
|
| 700 |
1 |
|
|a Da̕z Brousse, Manuel
|
| 700 |
1 |
|
|a Bossi Trincado, Marcelo
|
| 700 |
1 |
|
|a Martn̕ez Zį︢ga, Pablo
|
| 700 |
1 |
|
|a Nieto Muǫz, Gabriel
|
| 700 |
1 |
|
|a Salas Gm̤ez, Isabel
|
| 700 |
1 |
|
|a Oliva Fuentealba, Sergio
|
| 700 |
1 |
|
|a Hansen Cruz, Pedro Pablo
|
| 700 |
1 |
|
|a Pierart Zambrano, Carmen Gloria
|
| 700 |
1 |
|
|a Nę︢z Vargas, Patricia
|
| 740 |
0 |
|
|a vLex Libros (Servicio en ln̕ea)
|
| 856 |
4 |
0 |
|u https://app.vlex.com/#/sources/35399
|z Acceso restringido
|
| 942 |
|
|
|c BOOK
|
| 999 |
0 |
|
|a Civil Law
|
| 999 |
0 |
|
|a Medicine
|